000 00771nmc a2200277 a 4500
003 AR-BaBNM
005 20251128205338.0
008 127019s1993 ||||||||||||||000 | spa||
020 _a950-701-158-7
040 _cAR-BaBNM
245 1 0 _aCuentos de piratas, corsarios y bandidos
260 _aBuenos Aires
_bCERLALC
_bUNESCO
_bAique
_c1993
300 _a104 p.
_bil.
490 0 _aCoedición latinoamericana
_vv. 9
650 4 _aCUENTOS
650 4 _aLITERATURA INFANTIL
650 4 _aLIBROS PARA NINOS
650 4 _aLITERATURA LATINOAMERICANA
650 4 _aANTOLOGIAS
650 4 _aCUENTOS DE AVENTURAS
650 4 _aCULTURAS LATINOAMERICANAS
655 _aLITERATURA
700 1 _aRavassa G., María del Mar
_edirector
942 _cBK
998 _cMARTIN
999 _c11025
_d11025